The Best Airlines in South America 2025 - Statistics

General Stats
  • This quiz has been taken 51 times
  • The average score is 4 of 10
Answer Stats
Rank Airline % Correct
1 LATAM
95%
5 Avianca
70%
6 Gol
65%
8 Aerolineas Argentinas
60%
2 Azul Brazilian
58%
3 JetSMART Airlines
26%
4 SKY Airline
23%
10 Flybondi
12%
7 StarPeru
9%
9 Clic
5%
No matching quizzes found
Score Distribution
Percent of People with Each Score
Percentile by Number Answered
Your Score History
You have not taken this quiz